Principles of biological chemistry (Record no. 31966)

MARC details
000 -LEADER
fixed length control field 00526nam a2200217Ia 4500
082 ## - DEWEY DECIMAL CLASSIFICATION NUMBER
Classification number 577.1
Item number PAG
100 ## - MAIN ENTRY--AUTHOR NAME
Personal name PAGE, David S
245 #0 - TITLE STATEMENT
Title Principles of biological chemistry
260 ## - PUBLICATION, DISTRIBUTION, ETC. (IMPRINT)
Place of publication Boston
Name of publisher Willard Grant
Year of publication 1976
650 ## - SUBJECT ADDED ENTRY--TOPICAL TERM
Topical Term Amino acid
650 ## - SUBJECT ADDED ENTRY--TOPICAL TERM
Topical Term Biological chemistry
650 ## - SUBJECT ADDED ENTRY--TOPICAL TERM
Topical Term Carbohydrate
650 ## - SUBJECT ADDED ENTRY--TOPICAL TERM
Topical Term Enzyme
650 ## - SUBJECT ADDED ENTRY--TOPICAL TERM
Topical Term Glycolysis
650 ## - SUBJECT ADDED ENTRY--TOPICAL TERM
Topical Term Lipid
650 ## - SUBJECT ADDED ENTRY--TOPICAL TERM
Topical Term Metabolism
650 ## - SUBJECT ADDED ENTRY--TOPICAL TERM
Topical Term Photosynthesis
650 ## - SUBJECT ADDED ENTRY--TOPICAL TERM
Topical Term Protein
942 ## - ADDED ENTRY ELEMENTS (KOHA)
Koha item type Books
Holdings
Withdrawn status Lost status Damaged status Not for loan Home library Current library Date acquired Full call number Accession Number Koha item type
        RRII Library RRII Library 16/12/2021 577.1 PAG 12492 Books